Statistics for 2023 GWS Giants AFL Team Quiz

Click here to take the quiz!

General Stats

  • This quiz has been taken 5 times
  • The average score is 24 of 52

Answer Stats

No.Player Name% Correct
8Callan Ward
100%
1Phil Davis
100%
3Stephen Coniglio
100%
4Toby Green
100%
12Tom Green
100%
40Adam Kennedy
80%
Senior CoachAdam Kingsley
80%
11Braydon Preuss
80%
2Darcy Jones
80%
6Lachie Whitfield
80%
5Aaron Cadman
60%
16Brent Daniels
60%
46Callum Brown
60%
39Connor Idun
60%
23Jesse Hogan
60%
9Ryan Angwin
60%
15Sam Taylor
60%
Ruck CoachShane Mumford
60%
14Toby Bedford
60%
VFL Assistant and AFL Development CoachAlicia Eva
40%
18Conor Stone
40%
38Daniel Lloyd
40%
36Harry Perryman
40%
24Harry Rowston
40%
13Isaac Cumming
40%
44Jack Buckley
40%
10Jacob Wehr
40%
22Josh Kelly
40%
32Kieren Briggs
40%
7Lachie Ash
40%
25Lachlan Keeffe
40%
21Leek Aleer
40%
41Nicholas Madden
40%
19Nick Haynes
40%
45Wade Derksen
40%
VFL and Development coachWayne Cripps
40%
Midfield CoachBen Hart
20%
Backline CoachBrett Montgomery
20%
43Cooper Hamilton
20%
Offence CoachCraig Jennings
20%
17Finn Callaghan
20%
27Harry Himmelberg
20%
26Jake Riccardi
20%
42Jake Stein
20%
20James Peatling
20%
Forward CoachJeremy Laidler
20%
34Josh Fahey
20%
30Matt Flynn
20%
35Max Gruzewski
20%
31Toby McMullin
20%
33Xavier O'Halloran
20%
29Cameron Fleeton
0%

Score Distribution

Percentile by Number Answered

Percent of People with Each Score

Your Score History

You have not taken this quiz